|
|
|
|
| LEADER |
00000cam a2200000 a 4500 |
| 001 |
vtls008314282 |
| 003 |
SK-MaSNL |
| 005 |
20260301122954.0 |
| 008 |
200228s1957 xo da f 000 0 slo |
| 015 |
|
|
|a SNBA1957/04-00510
|
| 020 |
|
|
|q (brožované)
|
| 035 |
|
|
|a SK01SNK19570006499
|
| 035 |
|
|
|a urn:nbn:sk:snk-am3hz6x
|
| 035 |
|
|
|a 4B5C558E-6561-41E5-BA6D-E79A5783DCCC
|
| 035 |
|
|
|a urn:nbn:sk:snk-am00de7c
|
| 035 |
|
|
|a SKM000008962
|
| 040 |
|
|
|a SNK
|b slo
|c SNK
|e AACR2
|
| 041 |
0 |
|
|a slo
|
| 043 |
|
|
|a e-xo---
|
| 044 |
|
|
|a xo
|c SK
|
| 080 |
|
|
|a 353(437.6)
|2 1981
|
| 080 |
|
|
|a 352/354
|2 2011
|
| 080 |
|
|
|a (437.611)
|2 2011
|
| 080 |
|
|
|a (048.8:083.41)
|2 2011
|
| 080 |
|
|
|a (041)
|2 2011
|
| 245 |
0 |
0 |
|a Z činnosti národných výborov v Bratislave za roky 1954-1956
|
| 260 |
|
|
|a Bratislava
|b [Ústredný národný výbor]
|c [1957]
|
| 300 |
|
|
|a 15 strán
|b grafy, ilustrácie
|c 22 cm
|
| 500 |
|
|
|a Obsahuje reklamu
|
| 648 |
|
7 |
|a 1954-1956
|2 SNKPH
|9 307223
|
| 650 |
0 |
7 |
|a národné výbory
|2 SNKPH
|9 59059
|
| 651 |
|
7 |
|a Bratislava (Slovensko)
|2 SNKPHgeo
|
| 655 |
|
7 |
|a brožúry
|2 SNKPH
|9 70146
|
| 655 |
|
7 |
|a štatistické prehľady
|2 SNKPH
|9 70689
|
| 958 |
|
|
|a RK
|
| 958 |
|
|
|a TL
|
| 958 |
|
|
|a SP
|
| 999 |
|
|
|c 734708
|d 736638
|
| 952 |
|
|
|a SNK
|b SNK
|y PREZ
|7 0
|p 17A0798977
|o snkSC 9532
|i snkKSP 833/57
|0 0
|1 0
|4 0
|d 2019-09-18
|f 1
|l 0
|r 2026-02-23 22:41:04
|w 2026-02-23
|